| 000 | 00716nam a2200169 a 4500 | ||
|---|---|---|---|
| 008 | 200720s2018 ||||||||||||||||| || u | ||
| 020 | _a9781107189959 | ||
| 050 | _aBD 418.3 Ell | ||
| 100 | _aEllis, Ralph D | ||
| 245 | 1 | 4 |
_aThe moral psychology of internal conflict : value, meaning, and the enactive mind _cBy Ralph D. Ellis |
| 260 |
_aCambridge _bCambridge University Press _c2018 |
||
| 300 | _ax, 236 pages | ||
| 650 | _aPHILOSOPHY OF MIND | ||
| 650 | _aAFFECTIVE NEUROSCIENCE | ||
| 650 | _aPSYCHOLOGY--MORAL AND ETHICAL ASPECTS--CASE STUDIES | ||
| 995 |
_D116.85 _FCBU-MAIN LIBRARY (Kitwe) _M1 _UAVAILABLE _WJul 27, 2020 _ZMain Library Open Access Collection |
||
| 999 |
_c51673 _d51673 |
||